00440nam a22001217a 4500003000400000005001700004008003900021040002500060110005500085245010200140260005500242300002100297OSt20201118135419.0201118b 2008 dr 00| 0 eng d aDO-SdBNPbspacBNPHU2 aRepública Dominicana.bSuprema Corte de Justicia10aReforma constitucional. Poder Judicial. Observaciones del pleno de la Suprema Corte de Justicia / aSanto Domingo :bSuprema Corte de Justicia,c2008. a43 p. ;c28 cm.